000 00331 a2200169 4500
001 183040
020 _a85-7319-124-4
040 _cMagnum
100 _aFragoso, J. H.
240 1 0 _aMemento
_lpor
245 1 0 _aMemento
300 _a64
362 0 _a1995
440 1 _aDimensão
697 _aLITERATURA GERAL
942 _cBK
999 _c183040
_d183040